Detalles MARC
| 000 -LÍDER |
| Campo fijo de descripción fija |
01913nmm a2200325 i 4500 |
| 001 - NÚMERO DE CONTROL |
| Campo de control |
768714001 |
| 003 - IDENTIFICADOR DEL NÚMERO DE CONTROL |
| Campo de control |
CO-MdFUSB |
| 005 - FECHA Y HORA DE LA ULTIMA TRANSACCIÓN |
| control field |
20250731105338.0 |
| 008 - ELEMENTOS DE LONGITUD FIJA -- INFORMACIÓN GENERAL |
| Campo fijo de descripción fija -- Información general |
160602b ck||||| |||| 00| 0 spa d |
| 040 ## - FUENTE DE CATALOGACIÓN |
| Agencia de catalogación original |
CO-MdFUSB |
| Idioma de catalogación |
Español |
| Agencia que realiza la transcripción |
CO-MdFUSB |
| Agencia que realiza la modificación |
CO-MdFUSB |
| 041 ## - CÓDIGO DE IDIOMA |
| Código de idioma para texto/pista de sonido o título separado |
spa |
| 043 ## - CÓDIGO DE ÁREA GEOGRÁFICA |
| Código de área geográfica |
ck |
| 100 ## - ASIENTO PRINCIPAL--NOMBRE PERSONAL |
| Nombre personal |
Hinestroza, Johan |
| Término relacionador |
autor |
| 245 ## - TÍTULO |
| Título del Material |
Una descripción de la liturgia de la iglesia Comunidad Cristiana de Fe en Medellín |
| Mención de responsabilidad, etc. |
/ Johan Hinestroza ; asesorado por Jhohan Centeno |
| Medio físico |
[electrónico] |
| 264 ## - PRODUCTION, PUBLICATION, DISTRIBUTION, MANUFACTURE, AND COPYRIGHT NOTICE |
| Lugar de procducción, publication, distribution, manufacture |
Medellín, Colombia : |
| Nombre del productor, publicador, distribuidor y manofactura |
FUSBC, |
| Fecha de producción, distribución, manufactura, o nota de copyright |
2015 |
| 300 ## - DESCRIPCIÓN FÍSICA |
| Extensión |
51 páginas |
| 336 ## - TIPO DE CONTENIDO |
| Fuente |
rdacontent |
| Tipo de contenido |
texto |
| Content type code |
txt |
| 337 ## - TIPO DE MEDIO |
| Fuente |
rdamedia |
| Tipo de medio |
informático |
| Código |
c |
| 338 ## - TIPO DE SOPORTE |
| Fuente |
rdacarrier |
| rdacarrier |
remoto |
| Código |
cr |
| 502 ## - NOTA DE TESIS |
| Nota de Tesis |
Trabajo de grado |
| Tipo de estudio |
Teología -- |
| Nombre de la Institución del grado |
Fundación Universitaria Seminario Bíblico de Colombia, |
| Año de graduación |
2015 |
| 505 ## - NOTA DE CONTENIDO |
| Nota de contenido con formato preestablecido |
Documentación bibliográfica -- ¿Orígenes o bases bíblicas del culto? -- ¿Liturgia u orden del culto? -- Análisis del trabajo de campo |
| 520 ## - NOTA DE RESUMEN, ETC. |
| Nota de sumario, etc. |
Por su desarrollo y evolución en el contexto de América Latina, el Pentecostalismo ha irrumpido abiertamente en la teología dentro de la iglesia protestante, convirtiéndose así, en objeto de estudio en algunos ambientes académicos. Por tal razón esta investigación propende contribuir a las investigaciones en el área del Pentecostalismo, específicamente en el campo de la liturgia. Ésta se da por medio de una descripción de la liturgia de la iglesia Comunidad Cristiana de Fe en Medellín. Dicho trabajo se estableció a través de una caracterización de la iglesia enfocada en la liturgia en tres aspectos principales: base, forma y significado. |
| 535 ## - LOCALIZACIÓN DE ORIGINALES / DUPLICADOS Y NOTAS |
| Custodian |
Recurso en REPCI |
| 650 #7 - ASIENTO SECUNDARIO DE MATERIA - TERMINO TEMÁTICO |
| Término temático o nombre geográfico como elemento de entrada |
Liturgia |
| 9 (RLIN) |
206 |
| 653 ## - TERMINO DE INDIZACION - NO CONTROLADO |
| Término de indización no controlado |
Movimiento Misionero Mundial |
| 653 ## - TERMINO DE INDIZACION - NO CONTROLADO |
| Término de indización no controlado |
Iglesia cristiana |
| 700 ## - ASIENTO SECUNDARIO - NOMBRE PERSONAL |
| Nombre personal |
Centeno, Jhohan, |
| Responsabilidad |
Asesor |
| 9 (RLIN) |
90 |
| 856 ## - LOCALIZACIÓN Y ACCESO ELECTRÓNICOS |
| Nombre del sitio |
REPCI |
| Identificador Uniforme del Recurso |
https://repositorio.repci.co/handle/123456789/690 |
| 942 ## - TIPO DE MATERIAL (KOHA) |
| Tipo de Item KOHA |
Trabajos de Grado |